00864nam a2200229 a 450000100100000000500170001000800410002702000150006804000130008308200150009610000350011124500880014626000720023430000210030649000370032750400300036450000420039459000270043683000410046395201130050499900170061700001783720200929165241.0100406s1997 sp 000 0 spa d a8400076796 aDO-SdBNP axxxbC198a1 aCampos Marín, Ricardo93873810aAlcoholismo, medicina y sociedad en España (1876-1923) /cRicardo Campos Marín. aMadrid :bConsejo Superior de Investigaciones Científicas,c1997. a303 p. ;c21 cm.1 aEstudio sobre la ciencia ;v23 ; aBibliografía p: 291-303 aIncluye notas al pie de las páginas aInventariado, 2019/ YL 0aEstudios sobre la cienciav23938739 001050718MOaGRbGRcCTd2013-11-28iLF1l0oxxx C198ap17837-60r2020-06-25w2020-06-25y1ZNo se presta c17361d17361